|
|
|
|
| LEADER |
01016nam a2200253 a 4500 |
| 001 |
GR-Patra6702 |
| 008 |
991022s1993 gr e 000 b eng d |
| 020 |
|
|
|a 1883553016
|
| 040 |
|
|
|a GrPaTEI
|b gre
|c GR-PaULI
|
| 082 |
|
0 |
|a 658.562
|
| 245 |
0 |
0 |
|a Continuous improvement tools :
|b a practical guide to achieve quality results /
|c Richard Y. Chang, Matthew E. Niedzwiecki
|n 2/2.
|
| 260 |
|
|
|a Irvine :
|b Richard Chang Associates,
|c c1993
|
| 300 |
|
|
|a vii, 131σ.
|
| 490 |
1 |
|
|a Quality improvement series
|
| 650 |
|
0 |
|a INDUSTRIAL MANAGEMENT
|
| 650 |
|
0 |
|a Quality control
|
| 700 |
1 |
|
|a Chang, Richard Y.
|
| 700 |
1 |
|
|a Niedzwiecki, Matthew E.
|
| 710 |
0 |
|
|a Richard Chang Associates, Inc.
|
| 830 |
|
0 |
|1 00116166
|1 2001
|a Quality improvement series
|
| 942 |
|
|
|2 ddc
|
| 952 |
|
|
|0 0
|1 0
|2 ddc
|4 0
|6 658_562000000000000_CHA
|7 0
|9 288037
|a LISK
|b LISK
|c BSC
|d 2021-01-17
|e 24
|f 0
|g 0.00
|l 0
|o 658.562 CHA
|p 9241009818
|r 2021-01-17 00:00:00
|t 1
|w 2021-01-17
|y BK15
|x 19991024 0 1
|x GrPaTEI
|
| 971 |
|
|
|a .b2654216x
|b 01-10-20
|c 23-09-16
|
| 999 |
|
|
|c 167978
|d 167978
|